LDR 01241naa#a2200253#i#450# 001 RU\\bibl\124572 005 20260630045808.2 011 ## _a2077-7566 100 ## _a20260629b2026####ek#y0rusy0150####ca 101 0# _aRUS 102 ## _aRU 200 1# _aРЕНТГЕНОЛОГИЧЕСКАЯ КАРТИНА КОСТНОЙ ТКАНИ ПРИ БЫСТРОПРОГРЕССИРУЮЩЕМ ПАРОДОНТИТЕ _eЖурнальная статья 210 1# _aЕкатеринбург _cИздательский Дом «ТИРАЖ» _d2026 215 ## _a6 с. 608 ## _aЖурнальная статья _2local 675 ## _aСтоматология. Заболевания ротовой полости и зубов. 616.31 _zRUS 700 #1 _aУспенская _gОльга Александровна 700 #1 _aКачесова _gЕвгения Сергеевна 700 #1 _aАлександров _gАлексей Алексеевич 700 #1 _aШевченко _gЕлена Александровна 700 #1 _aДолгалев _gАлександр Анатольевич 700 #1 _aХейгетян _gАртур Вараздатович 700 #1 _aКараммаева _gМарьян Рамазановна 856 4# _adental-press.ru _u